[Event "PAR-ch (Women)"]
[Site "Asuncion"]
[Date "2019.11.08"]
[Round "5"]
[White "Perez Canete, Dora Romina"]
[Black "Oviedo Acosta, Paula"]
[Result "0-1"]
[WhiteElo "1439"]
[BlackElo "1524"]
[PlyCount "90"]
[EventDate "2019.11.04"]
[EventType "tourn"]
[EventRounds "9"]
[EventCountry "PAR"]
[SourceTitle "CBM 193 Extra"]
[Source "ChessBase"]
[SourceDate "2020.01.31"]
[SourceVersion "1"]
[SourceVersionDate "2020.01.31"]
[SourceQuality "1"]

1. e4 c5 2. Nf3 e6 3. c3 Nf6 4. Bd3 c4 5. Bxc4 Nxe4 6. d3 Nf6 7. Bg5 a6 8. Nbd2 d5 9. Bb3 Bd6 10. c4 dxc4 11. Nxc4 Bb4+ 12. Nfd2 Qxd3 13. Bxf6 gxf6 14. Nb6 Bd7 15. Nxa8 Qe4+ 16. Kf1 Bb5+ 17. Bc4 Bxc4+ 18. Nxc4 Qxc4+ 19. Qe2 Qc6 20. Rd1 Nd7 21. a3 Be7 22. Qe3 Ne5 23. Qc3 Qxc3 24. bxc3 Bc5 25. Rb1 b5 26. Nc7+ Kd7 27. f4 Kxc7 28. fxe5 fxe5 29. Ke2 Rg8 30. g3 Rg4 31. Rhf1 f5 32. Kd3 Kb6 33. Ra1 h5 34. Rae1 e4+ 35. Ke2 Bxa3 36. Rf4 a5 37. Rxg4 hxg4 38. h4 gxh3 39. Rh1 Bb2 40. Kd2 Kc5 41. Rxh3 Kc4 42. g4 fxg4 43. Re3 Kb3 44. Rxe4 Bxc3+ 45. Kc1 a4 0-1

[Event "PAR-ch (Women)"]
[Site "Asuncion"]
[Date "2019.11.05"]
[Round "2"]
[White "Perez Canete, Dora Romina"]
[Black "Zorrilla Videla, Maria Valentina"]
[Result "0-1"]
[WhiteElo "1439"]
[BlackElo "1268"]
[PlyCount "78"]
[EventDate "2019.11.04"]
[EventType "tourn"]
[EventRounds "9"]
[EventCountry "PAR"]
[SourceTitle "CBM 193 Extra"]
[Source "ChessBase"]
[SourceDate "2020.01.31"]
[SourceVersion "1"]
[SourceVersionDate "2020.01.31"]
[SourceQuality "1"]

1. e4 d5 2. exd5 Qxd5 3. d4 Bf5 4. Nc3 Qa5 5. Bd2 c6 6. Bc4 Qd8 7. Nge2 e6 8. Be3 h6 9. Ng3 Bg6 10. a3 Nf6 11. f4 Nbd7 12. Qe2 Bd6 13. 0-0 0-0 14. Qd2 Qc7 15. Bd3 Nd5 16. Nxd5 cxd5 17. Ne2 Nf6 18. Bxg6 fxg6 19. Nc3 a6 20. h3 Nh5 21. Ne2 Rac8 22. c3 Nf6 23. Ng3 Nd7 24. Qc2 Rf6 25. Qd2 Rcf8 26. Ne2 g5 27. g3 gxf4 28. Bxf4 Bxf4 29. Rxf4 Rxf4 30. Nxf4 Nf6 31. Qe3 Re8 32. Nd3 Ne4 33. Kg2 Rf8 34. Re1 Rf6 35. Nf4 Qf7 36. Re2 g5 37. Nd3 Rf1 38. Nc5 Rb1 39. Qf3 Rg1+ 0-1

[Event "PAR-ch qual1"]
[Site "Encarnacion"]
[Date "2019.03.04"]
[Round "6"]
[White "Perez Canete, Dora Romina"]
[Black "Oviedo Acosta, Paula"]
[Result "0-1"]
[WhiteElo "1458"]
[BlackElo "1593"]
[PlyCount "94"]
[EventDate "2019.03.01"]
[EventType "swiss"]
[EventRounds "7"]
[EventCountry "PAR"]
[SourceTitle "CBM 192 Extra"]
[Source "Chessbase"]
[SourceDate "2019.11.06"]
[SourceVersion "1"]
[SourceVersionDate "2019.11.06"]
[SourceQuality "1"]

1. e4 c5 2. c3 e6 3. d4 Qc7 4. g3 b6 5. Bf4 d6 6. Nf3 Bb7 7. Nbd2 Nd7 8. Be3 Ngf6 9. Qc2 Rc8 10. h3 Be7 11. Bg2 h6 12. 0-0 0-0 13. Rfe1 Rfe8 14. Rac1 Qb8 15. Qb1 Qa8 16. Nh2 Qb8 17. f4 Nh7 18. Nhf3 f6 19. a3 Kh8 20. Nh4 Nhf8 21. g4 d5 22. e5 fxe5 23. Ng6+ Nxg6 24. Qxg6 Nf8 25. Qh5 exf4 26. Bf2 Bg5 27. Qxe8 Rxe8 28. h4 Bf6 29. g5 hxg5 30. hxg5 Bxg5 31. Re5 Qd8 32. Rce1 Qf6 33. Nf3 Nh7 34. Bh3 Bc8 35. Rxd5 Bb7 36. Rd6 Bxf3 37. Rdxe6 Rxe6 38. Rxe6 Qd8 39. dxc5 bxc5 40. Bxc5 Bh4 41. Re5 Nf6 42. b4 Nd7 43. Re6 Nxc5 44. bxc5 Qg5+ 45. Kf1 Qxc5 46. Re8+ Kh7 47. a4 Qf2# 0-1

[Event "PAR-ch qual1"]
[Site "Encarnacion"]
[Date "2019.03.03"]
[Round "4"]
[White "Frutos Moreno, Carlos Manuel"]
[Black "Perez Canete, Dora Romina"]
[Result "1/2-1/2"]
[WhiteElo "1482"]
[BlackElo "1458"]
[PlyCount "76"]
[EventDate "2019.03.01"]
[EventType "swiss"]
[EventRounds "7"]
[EventCountry "PAR"]
[SourceTitle "CBM 192 Extra"]
[Source "Chessbase"]
[SourceDate "2019.11.06"]
[SourceVersion "1"]
[SourceVersionDate "2019.11.06"]
[SourceQuality "1"]

1. c4 e5 2. Nc3 Nf6 3. g3 g6 4. Bg2 Bg7 5. e4 0-0 6. Nge2 d6 7. d3 Nc6 8. 0-0 h6 9. Be3 Ng4 10. Bd2 f5 11. f3 Nf6 12. f4 fxe4 13. Nxe4 exf4 14. Nxf4 Bf5 15. Nxf6+ Bxf6 16. Bc3 Bxc3 17. bxc3 h5 18. Bd5+ Kh8 19. Nxh5 Qe7 20. Nf4 Ne5 21. Qd2 g5 22. Ng2 Bxd3 23. Rxf8+ Rxf8 24. Re1 c6 25. Qxd3 cxd5 26. Qxd5 Qf6 27. Nf4 gxf4 28. Rf1 f3 29. Qd4 Nxc4 30. Qxc4 f2+ 31. Kg2 Qf3+ 32. Kh3 Qh5+ 33. Qh4 Qxh4+ 34. Kxh4 Rf3 35. Kh3 Rxc3 36. Rxf2 d5 37. Rd2 Rc5 38. a4 Kg7 1/2-1/2

[Event "PAR-ch U18"]
[Site "Asuncion"]
[Date "2019.02.06"]
[Round "4"]
[White "Roche Escobar, Mara"]
[Black "Perez Canete, Dora Romina"]
[Result "0-1"]
[WhiteElo "1130"]
[BlackElo "1406"]
[PlyCount "106"]
[EventDate "2019.02.04"]
[EventType "tourn"]
[EventRounds "9"]
[EventCountry "PAR"]
[SourceTitle "CBM 189 Extra"]
[Source "ChessBase"]
[SourceDate "2019.06.03"]
[SourceVersion "1"]
[SourceVersionDate "2019.06.03"]
[SourceQuality "1"]

1. d4 d5 2. Bf4 Bf5 3. Nf3 h6 4. e3 g5 5. Bg3 Nf6 6. Be5 Nbd7 7. Bd3 Be6 8. Bg3 Nh5 9. Be5 f6 10. Bg6+ Bf7 11. Bxf7+ Kxf7 12. Bg3 Nxg3 13. hxg3 Bg7 14. Nbd2 Re8 15. c3 c6 16. Qc2 e6 17. Nh2 h5 18. 0-0-0 b5 19. f4 g4 20. Rdf1 a5 21. e4 Nb6 22. e5 f5 23. Nb3 Nc4 24. Re1 b4 25. Nf1 a4 26. Nc5 bxc3 27. Qxc3 Qa5 28. Qxa5 Nxa5 29. Nxa4 Nb7 30. b3 Ra5 31. Re3 c5 32. Rc3 c4 33. Nd2 Kg6 34. Kb1 cxb3 35. axb3 Rb5 36. Kc2 Bf8 37. Rc1 Bb4 38. Rc6 Bxd2 39. Kxd2 Rxb3 40. Nc5 Nxc5 41. R1xc5 Rxg3 42. Rd6 Rxg2+ 43. Ke3 h4 44. Rcc6 h3 45. Rxe6+ Rxe6 46. Rxe6+ Kh5 47. Rf6 h2 48. e6 h1Q 49. Rxf5+ Kh4 50. Rxd5 Qe1+ 51. Kd3 Qxe6 52. Re5 Qb3+ 53. Ke4 Re2+ 0-1

[Event "PAR-ch U16"]
[Site "Asuncion"]
[Date "2018.03.18"]
[Round "6.4"]
[White "Perez Canete, Dora Romina"]
[Black "Jodorcovsky, Alejandro David"]
[Result "1-0"]
[WhiteElo "1413"]
[BlackElo "1315"]
[PlyCount "89"]
[EventDate "2018.03.16"]
[EventType "swiss"]
[EventRounds "7"]
[EventCountry "PAR"]
[SourceTitle "EXT 2023"]
[Source "ChessBase"]
[SourceDate "2022.10.05"]
[SourceVersion "1"]
[SourceVersionDate "2022.10.05"]
[SourceQuality "1"]

1. e4 c5 2. c3 d5 3. exd5 Qxd5 4. d4 Nf6 5. Nf3 Bg4 6. Be2 cxd4 7. Qxd4 Qxd4 8. cxd4 Nc6 9. Bb5 Bxf3 10. gxf3 Rc8 11. Nc3 a6 12. Bxc6+ Rxc6 13. Bd2 g6 14. 0-0-0 Bg7 15. Kb1 0-0 16. Rhe1 e6 17. Rc1 Rd8 18. Be3 Ne8 19. Ne2 Rcd6 20. Bf4 R6d7 21. Be3 Nd6 22. Red1 Nf5 23. f4 Nxd4 24. f5 Nxe2 25. Rxd7 Rxd7 26. Rc8+ Bf8 27. Bh6 Rd1+ 28. Kc2 Rc1+ 29. Bxc1 Nxc1 30. Kxc1 Kg7 31. f6+ Kg8 32. Kc2 b5 33. Kd3 a5 34. Kd4 b4 35. Ra8 h5 36. h4 a4 37. Kc4 e5 38. Kd5 g5 39. Kxe5 gxh4 40. Kf4 h3 41. Kg3 h2 42. Kxh2 a3 43. bxa3 bxa3 44. Kh3 h4 45. Kxh4 1-0

[Event "South America School-ch 33rd"]
[Site "Cochabamba"]
[Date "2017.12.07"]
[Round "6.2"]
[White "Gomez Vasquez, Laura Sofia"]
[Black "Perez Canete, Dora Romina"]
[Result "1/2-1/2"]
[WhiteElo "1578"]
[BlackElo "1413"]
[PlyCount "39"]
[EventDate "2017.12.05"]
[EventType "team-tourn"]
[EventRounds "9"]
[EventCountry "BOL"]
[SourceTitle "CBM 182 Extra"]
[Source "ChessBase"]
[SourceDate "2018.02.23"]
[SourceVersion "1"]
[SourceVersionDate "2018.02.23"]
[SourceQuality "1"]
[WhiteTeam "Colombia"]
[BlackTeam "Paraguay"]
[WhiteTeamCountry "COL"]
[BlackTeamCountry "PAR"]

1. e4 e5 2. Nf3 Nc6 3. Bb5 Nd4 4. Nxd4 exd4 5. 0-0 c6 6. Bc4 d5 7. exd5 cxd5 8. Bb5+ Bd7 9. Qe2+ Be7 10. Bxd7+ Qxd7 11. d3 0-0-0 12. Bf4 f6 13. c3 g5 14. Bd2 dxc3 15. Nxc3 d4 16. Ne4 Kb8 17. Rac1 Re8 18. Qf3 a6 19. Nc5 Bxc5 20. Rxc5 1/2-1/2

[Event "South America School-ch 33rd"]
[Site "Cochabamba"]
[Date "2017.12.06"]
[Round "4.2"]
[White "Figueroa Bernal, Julia Dennis Paloma"]
[Black "Perez Canete, Dora Romina"]
[Result "1-0"]
[WhiteElo "1763"]
[BlackElo "1413"]
[PlyCount "79"]
[EventDate "2017.12.05"]
[EventType "team-tourn"]
[EventRounds "9"]
[EventCountry "BOL"]
[SourceTitle "CBM 182 Extra"]
[Source "ChessBase"]
[SourceDate "2018.02.23"]
[SourceVersion "1"]
[SourceVersionDate "2018.02.23"]
[SourceQuality "1"]
[WhiteTeam "Chile"]
[BlackTeam "Paraguay"]
[WhiteTeamCountry "CHI"]
[BlackTeamCountry "PAR"]

1. e4 e5 2. Nf3 Nc6 3. Bc4 Nd4 4. c3 Nxf3+ 5. Qxf3 Nf6 6. 0-0 Bc5 7. d3 h6 8. Be3 Bb6 9. Bxb6 axb6 10. d4 d6 11. h3 c6 12. d5 0-0 13. Nd2 Re8 14. Bb3 cxd5 15. exd5 e4 16. Qe3 Bf5 17. Rad1 Re5 18. Nc4 Nxd5 19. Qe1 Qg5 20. Nxe5 Bxh3 21. g3 dxe5 22. Bxd5 Bxf1 23. Kxf1 Qg4 24. Bxe4 f5 25. Bd5+ Kh7 26. Qe2 Qa4 27. Bb3 Qc6 28. Bd5 Qa4 29. b3 Qxa2 30. Qxa2 Rxa2 31. Bxb7 Rc2 32. c4 Rc3 33. Rd5 Rxb3 34. Rxe5 g6 35. Bc6 Kg7 36. Bb5 Kf6 37. Re8 Kg5 38. Rb8 Kg4 39. Rxb6 Rc3 40. Rxg6+ 1-0

[Event "South-America-chT U14 22th"]
[Site "Medellin"]
[Date "2016.12.17"]
[Round "9.2"]
[White "Acosta, Florencia Luz"]
[Black "Perez Canete, Dora Romina"]
[Result "1-0"]
[WhiteElo "1732"]
[BlackElo "1548"]
[PlyCount "69"]
[EventDate "2016.12.12"]
[EventType "team-tourn"]
[EventRounds "9"]
[EventCountry "COL"]
[SourceTitle "EXT 2024"]
[Source "ChessBase"]
[SourceDate "2023.10.10"]
[SourceVersion "1"]
[SourceVersionDate "2023.10.10"]
[SourceQuality "1"]
[WhiteTeam "Argentina"]
[BlackTeam "Paraguay"]
[WhiteTeamCountry "ARG"]
[BlackTeamCountry "PAR"]

1. e4 e5 2. Nf3 d6 3. d4 Nc6 4. dxe5 Nxe5 5. Nxe5 dxe5 6. Qxd8+ Kxd8 7. Bc4 f6 8. Be3 Ne7 9. Nc3 c6 10. 0-0-0+ Kc7 11. f4 b5 12. Bd3 a5 13. fxe5 fxe5 14. Bc5 Ng6 15. Bxf8 Rxf8 16. g3 a4 17. a3 Be6 18. Rhf1 Kb6 19. Rxf8 Rxf8 20. Bxb5 Bg4 21. Be2 Bxe2 22. Nxe2 Rf2 23. Kd2 Rxh2 24. Rg1 h5 25. Kd3 Rh3 26. Kc4 Rh2 27. Re1 h4 28. gxh4 Nxh4 29. Nc3 Rxc2 30. Kd3 Rf2 31. Nxa4+ Ka5 32. b3 Rf3+ 33. Kc4 Rf6 34. Nc5 g5 35. b4+ 1-0

[Event "South-America-chT U14 22th"]
[Site "Medellin"]
[Date "2016.12.16"]
[Round "7.2"]
[White "Hilario Huaranca, Aleyla Karen"]
[Black "Perez Canete, Dora Romina"]
[Result "1-0"]
[WhiteElo "1799"]
[BlackElo "1548"]
[PlyCount "69"]
[EventDate "2016.12.12"]
[EventType "team-tourn"]
[EventRounds "9"]
[EventCountry "COL"]
[SourceTitle "EXT 2024"]
[Source "ChessBase"]
[SourceDate "2023.10.10"]
[SourceVersion "1"]
[SourceVersionDate "2023.10.10"]
[SourceQuality "1"]
[WhiteTeam "Peru"]
[BlackTeam "Paraguay"]
[WhiteTeamCountry "PER"]
[BlackTeamCountry "PAR"]

1. d4 d5 2. c4 e6 3. Nf3 Nf6 4. g3 c5 5. Bg2 Nc6 6. cxd5 exd5 7. 0-0 Bf5 8. Nc3 Qd7 9. Ne5 Qe6 10. Nb5 Rc8 11. Bf4 a6 12. Nxc6 bxc6 13. Nc7+ Rxc7 14. Bxc7 Bh3 15. Qb3 Nd7 16. Qb7 Ke7 17. Bxh3 Qxh3 18. dxc5 Nxc5 19. Qxc6 Ne6 20. Bd6+ Kf6 21. Qxd5 Bxd6 22. Qxd6 h5 23. Qxa6 h4 24. Rad1 g5 25. Qd3 Kg7 26. Qf3 g4 27. Qg2 Qxg2+ 28. Kxg2 h3+ 29. Kg1 f5 30. f3 f4 31. fxg4 fxg3 32. hxg3 Ng5 33. Rd7+ Kg6 34. Kh2 Ne4 35. Rf5 1-0

[Event "South-America-chT U14 22th"]
[Site "Medellin"]
[Date "2016.12.16"]
[Round "8.2"]
[White "Perez Canete, Dora Romina"]
[Black "Ramirez Vergara, Jemmily"]
[Result "1/2-1/2"]
[WhiteElo "1548"]
[BlackElo "1661"]
[PlyCount "113"]
[EventDate "2016.12.12"]
[EventType "team-tourn"]
[EventRounds "9"]
[EventCountry "COL"]
[SourceTitle "EXT 2024"]
[Source "ChessBase"]
[SourceDate "2023.10.10"]
[SourceVersion "1"]
[SourceVersionDate "2023.10.10"]
[SourceQuality "1"]
[WhiteTeam "Paraguay"]
[BlackTeam "Venezuela"]
[WhiteTeamCountry "PAR"]
[BlackTeamCountry "VEN"]

1. e4 e6 2. d4 d5 3. exd5 exd5 4. c4 dxc4 5. Bxc4 Nf6 6. Nc3 Bd6 7. Nf3 Bg4 8. 0-0 0-0 9. h3 Bh5 10. Bg5 Be7 11. Re1 Nc6 12. a3 Bxf3 13. Qxf3 Qxd4 14. Bb5 Ne5 15. Qf4 Qxf4 16. Bxf4 Ng6 17. Bxc7 Rac8 18. Ba5 a6 19. Bd3 Rfe8 20. Ne4 Nf4 21. Nxf6+ Bxf6 22. Be4 Bxb2 23. Rab1 Bf6 24. Bxb7 Rb8 25. Rxe8+ Rxe8 26. Bd2 Ne2+ 27. Kh2 Nd4 28. Bxa6 Be5+ 29. f4 Bf6 30. Be3 Nc2 31. Bc5 g6 32. Bd3 Rc8 33. Bd6 Ne3 34. Rb8 Rxb8 35. Bxb8 Be7 36. a4 Bb4 37. Bc7 Nd5 38. Bb8 Ba5 39. Bb5 Kg7 40. Kg3 Ne3 41. Kf3 Nf5 42. g4 Nd4+ 43. Ke4 Ne6 44. f5 gxf5+ 45. gxf5 Ng5+ 46. Kf4 Nxh3+ 47. Kg3 Ng5 48. Kg4 f6 49. Bc6 Nf7 50. Kh5 Nd8 51. Bd7 Nf7 52. Bf4 h6 53. Be6 Ng5 54. Bd5 Bb6 55. Bc4 Ba5 56. Bd5 Bb6 57. Bc4 1/2-1/2